Οι αλλαγές που εισήχθησαν με το νέο κανονισμό 834/2007 σε σχέση με τον 2092/91
Αποθηκεύτηκε σε:
| Κύριος συγγραφέας: | |
|---|---|
| Συγγραφή απο Οργανισμό/Αρχή: | |
| Άλλοι συγγραφείς: | |
| Μορφή: | Thesis Βιβλίο |
| Γλώσσα: | Greek |
| Δημοσίευση: |
2009
|
| Θέματα: | |
| Διαθέσιμο Online: | http://hdl.handle.net/11610/15226 |
| Ετικέτες: |
Προσθήκη ετικέτας
Δεν υπάρχουν, Καταχωρήστε ετικέτα πρώτοι!
|
MARC
| LEADER | 00000cam a2200000 i 4500 | ||
|---|---|---|---|
| 001 | 1/8159 | ||
| 008 | 100608s2009 gre d | ||
| 035 | |l 10108150 | ||
| 040 | |a GR-MY-UA |b gre |e aacr | ||
| 041 | 0 | |a gre | |
| 082 | 0 | |a 338.1 |2 (22) | |
| 100 | 1 | |a Ταμπάκη, Βασιλική. | |
| 245 | 1 | 3 | |a Οι αλλαγές που εισήχθησαν με το νέο κανονισμό 834/2007 σε σχέση με τον 2092/91 / |c Ταμπάκη Βασιλική ; υπεύθυνος καθηγητής: Ν.Σ. Μάργαρης |
| 260 | |c 2009 | ||
| 300 | |a 78 σ.; |b εικ., πιν.; |c 30 εκ. | ||
| 500 | |a Βιβλιογραφία: σ. 76-78 | ||
| 502 | |a Διατριβή (μεταπτυχιακή) – Πανεπιστήμιο Αιγαίου, Λέσβος, 2009. | ||
| 650 | 0 | 0 | |a Natural foods industry |z Greece. |
| 650 | 0 | 0 | |a Organic farming |x Law and lagislation |z Greece. |
| 650 | 0 | 0 | |a Agricultural laws and legislation |z Greece. |
| 650 | 0 | 0 | |a Dissertations, Academic |z Greece. |
| 700 | 1 | |a Μάργαρης, Νίκος Σ., |d 1943-2013. |4 ths | |
| 710 | 2 | |a Πανεπιστήμιο Αιγαίου |b Σχολή Περιβάλλοντος |b Τμήμα Περιβάλλοντος |b Πρόγραμμα Μεταπτυχιακών Σπουδών Γεωργία και Περιβάλλον. | |
| 852 | |a INST |b LESVOS |c DIATR |e 20100608 |h 325 |p 005100047694 |q 005100047694 |t MTXE |y 23 | ||
| 852 | |a INST |b LESVOS |c DIATR |e 20100608 |h 326 |p 005100047695 |q 005100047695 |t MTXE |y 23 | ||
| 856 | |u http://hdl.handle.net/11610/15226 | ||
| 901 | |a BIBL1-2010-2 | ||
| 909 | |a Λ |b 164591 | ||
| 909 | |a Λ |b 164592 | ||
| 924 | |a ΤΑΜΠΑΚΗ |b ΒΑΣΙΛΙΚΗ |y ΛΕΣΒΟΣ |z 2010-11 | ||
| 970 | |a ΤΖΑΦΕΡΗ |b ΕΥΑΓΓΕΛΙΑ |z 2010/06/08 | ||